000 00937nam a22002897a 4500
001 BR0003651
003 BR-BrBNA
005 20230928100733.0
007 ta
008 230509b bl.||||| |||| 00| 0 por d
040 _aBR-BrBNA
_bpor
_cBiblioteca Nacional de Agricultura
041 _a(Por)
072 _aL53; U10
_b5212
090 _ 5212 BR0003651
100 1 _aColdebella, A.
110 1 _aEscola Superior de Agricultura Luiz de Queiroz, Piracicaba, SP (Brasil)
_0Tese (Mestre em Agronomia)
245 1 _aAnalise de correspondencia na identificacao de variaveis associadas com intervalo entre partos em bovinos leiteiros
260 3 _aPiracicaba, SP (Brasil):
_c2000.
300 _a104 p.
500 _aSummaries (Eng, Por); 29 ref.; 22 tables; 9 illus.
650 _aGado Leiteiro
650 _aMetodo Estatistico
650 _aParto
650 _aPos-Parto
909 _a202309
_bLucia
_c55
_dLucia Elande
942 _cBK
999 _c62568
_d62568